Le Nouveau petit Robert : (رقم التسجيلة. 105110)

تفاصيل مارك
000 -LEADER
fixed length control field 01006cam a2200301 a 4500
003 - CONTROL NUMBER IDENTIFIER
control field EG-GiCUC
008 - FIXED-LENGTH DATA ELEMENTS--GENERAL INFORMATION
fixed length control field 910311s1993 fr d 000 0 fre
010 ## - LIBRARY OF CONGRESS CONTROL NUMBER
LC control number 91127500
020 ## - INTERNATIONAL STANDARD BOOK NUMBER
International Standard Book Number 285036066X
040 ## - CATALOGING SOURCE
Original cataloging agency DLC
Transcribing agency DLC
050 00 - LIBRARY OF CONGRESS CALL NUMBER
Classification number PC2625
Item number .R5545 1993
092 04 - LOCALLY ASSIGNED DEWEY CALL NUMBER (OCLC)
Classification number 443
Item number R6424 1993
Edition number 21
099 ## - LOCAL FREE-TEXT CALL NUMBER (OCLC)
Classification number 04
-- 443 R6424 1993
100 1# - MAIN ENTRY--PERSONAL NAME
Personal name Robert, Paul,
Dates associated with a name 1910-1980
245 13 - TITLE STATEMENT
Title Le Nouveau petit Robert :
Remainder of title dictionnaire alphabetique et analogique de la langue francaise /
Statement of responsibility, etc. [par Paul Robert ]; redaction dirigee par A. Rey et J. Rey-Debove.
250 ## - EDITION STATEMENT
Edition statement Nouv. ed. rev., corr. et mise ajour en 1993.
260 ## - PUBLICATION, DISTRIBUTION, ETC.
Place of publication, distribution, etc. Paris :
Name of publisher, distributor, etc. Le Robert;
Date of publication, distribution, etc. 1990.
300 ## - PHYSICAL DESCRIPTION
Extent xxxv, 2467 p. ;
Dimensions 25 cm.
650 #0 - SUBJECT ADDED ENTRY--TOPICAL TERM
Topical term or geographic name entry element French language
General subdivision Dictionaries.
700 1# - ADDED ENTRY--PERSONAL NAME
Personal name Rey, Alain.
700 2# - ADDED ENTRY--PERSONAL NAME
Personal name Rey-Debove, Josette.
740 0# - ADDED ENTRY--UNCONTROLLED RELATED/ANALYTICAL TITLE
Uncontrolled related/analytical title Dictionnaire alphabetique et analogique de la langue francaise.
740 0# - ADDED ENTRY--UNCONTROLLED RELATED/ANALYTICAL TITLE
Uncontrolled related/analytical title Petit Robert un.
902 ## - LOCAL DATA ELEMENT B, LDB (RLIN)
No. of Items 1
905 ## - LOCAL DATA ELEMENT E, LDE (RLIN)
Cataloger Ibrahim
Reviser Rev
905 ## - LOCAL DATA ELEMENT E, LDE (RLIN)
Cataloger Jamal
Reviser Cat
942 ## - ADDED ENTRY ELEMENTS (KOHA)
Source of classification or shelving scheme Dewey Decimal Classification
Koha item type Reference
المقتنيات
Source of classification or shelving scheme Not for loan Home library Current library Date acquired Full call number Barcode Date last seen Copy number Koha item type
Dewey Decimal Classification   المكتبة المركزبة الجديدة - جامعة القاهرة قاعة المراجع - الدور الثاني 11.02.2024 443 R6424 1993 01000110183245000 23.09.2023 C.1 Reference
Cairo University Libraries Portal Implemented & Customized by: Eng. M. Mohamady Contacts: new-lib@cl.cu.edu.eg | cnul@cl.cu.edu.eg
CUCL logo CNUL logo
© All rights reserved — Cairo University Libraries
CUCL logo
Implemented & Customized by: Eng. M. Mohamady Contact: new-lib@cl.cu.edu.eg © All rights reserved — New Central Library
CNUL logo
Implemented & Customized by: Eng. M. Mohamady Contact: cnul@cl.cu.edu.eg © All rights reserved — Cairo National University Library